00832nam a2200265Ic 450000100060000000300100000600500170001600700030003300800410003602000180007704000350009504100080013008400060013810000280014424501100017225000220028226400520030430000340035633600270039033700330041733800280045053400300047865000380050870000200054658450CO-BoRNBP20250822202726.0ta141031s9999 xx 000 0 und d a9789681656744 aCO-BoRNBPbspaerdacCO-BoRNBP aspa aN aFine, Anne,d1947-eaut13aEl diario de un gato asesino /cAnne Fine ; ilustrado por Damián Ortega ; traducido por Ernestina Loyo. a1a ed., 8a reimpr 1aMéxico :bFondo de Cultura Económica,c2008 a46 páginas :bilustraciones atextobtxt2rdacontent asin mediaciónbn2rdamedia avolumenbnc2rdacarrier tThe Diary of a Killer Cat04aLiteratura infantil inglesa2LEMB aLoyo, Ernestina